[Event "Titled Tuesday intern op 31st Jan Early"]
[Site "Chess.com INT"]
[Date "2023.01.31"]
[Round "1"]
[White "Bhambure, Shantanu"]
[Black "Sailer, Mike L"]
[Result "1-0"]
[WhiteElo "2336"]
[BlackElo "2109"]
[PlyCount "59"]
[EventDate "2023.01.31"]
[EventType "swiss (blitz)"]
[EventRounds "11"]
[EventCountry "USA"]
[SourceTitle "CBM 212 Extra"]
[Source "ChessBase"]
[SourceDate "2023.03.31"]
[SourceVersion "1"]
[SourceVersionDate "2023.03.31"]
[SourceQuality "1"]

1. d4 d5 2. c4 Bf5 3. cxd5 Bxb1 4. Qa4+ Qd7 5. Qxd7+ Nxd7 6. Rxb1 Ngf6 7. Nf3 Nb6 8. e3 Nbxd5 9. b4 e6 10. b5 Bb4+ 11. Bd2 Bxd2+ 12. Nxd2 0-0-0 13. Bd3 Rhe8 14. Nf3 h6 15. 0-0 Nd7 16. Rfc1 e5 17. Bc4 N7b6 18. Nxe5 Nxc4 19. Rxc4 f6 20. Nd3 Nb6 21. Rc2 Rd5 22. Nc5 f5 23. g3 g5 24. a4 Kb8 25. a5 Nc8 26. Kg2 Nd6 27. b6 cxb6 28. axb6 Ne4 29. bxa7+ Kxa7 30. Rxb7+ 1-0

[Event "Suwalki Warakomska Memorial 6th"]
[Site "Suwalki"]
[Date "2022.08.05"]
[Round "4"]
[White "Bhambure, Shantanu"]
[Black "Kosakowski, Jakub"]
[Result "0-1"]
[WhiteElo "2314"]
[BlackElo "2432"]
[PlyCount "58"]
[EventDate "2022.08.03"]
[EventType "swiss"]
[EventRounds "9"]
[EventCountry "POL"]
[SourceTitle "CBM 209 Extra"]
[Source "ChessBase"]
[SourceDate "2022.09.30"]
[SourceVersion "1"]
[SourceVersionDate "2022.09.30"]
[SourceQuality "1"]

1. d4 Nf6 2. c4 g6 3. Nc3 Bg7 4. e4 d6 5. Nf3 0-0 6. Be2 e5 7. Be3 Ng4 8. Bg5 f6 9. Bc1 f5 10. exf5 exd4 11. Bg5 Qe8 12. Nxd4 Nc6 13. Nxc6 bxc6 14. 0-0 gxf5 15. Qd2 Qg6 16. f3 f4 17. fxg4 Qxg5 18. h3 Bd7 19. Rae1 Rae8 20. Kh1 Re3 21. Bf3 Qc5 22. Rxe3 fxe3 23. Qd3 Qd4 24. Rd1 Qf4 25. Ne2 Qg5 26. Nd4 Be5 27. Bxc6 Bxg4 28. Bf3 Qf4 29. Kg1 Qh2+ 0-1

[Event "Pardubice Czech op-A 33rd"]
[Site "Pardubice"]
[Date "2022.07.29"]
[Round "8"]
[White "Elmi, Saad Abobaker"]
[Black "Bhambure, Shantanu"]
[Result "1/2-1/2"]
[WhiteElo "2123"]
[BlackElo "2320"]
[PlyCount "92"]
[EventDate "2022.07.22"]
[EventType "swiss"]
[EventRounds "9"]
[EventCountry "CZE"]
[SourceTitle "CBM 209 Extra"]
[Source "ChessBase"]
[SourceDate "2022.09.30"]
[SourceVersion "1"]
[SourceVersionDate "2022.09.30"]
[SourceQuality "1"]

1. e4 c5 2. Nf3 d6 3. d4 cxd4 4. Nxd4 Nf6 5. Nc3 a6 6. f3 e5 7. Nb3 Be6 8. Be3 Be7 9. Qd2 Nbd7 10. Nd5 Nxd5 11. exd5 Bf5 12. Bd3 Bxd3 13. Qxd3 0-0 14. 0-0-0 Bg5 15. Kb1 Bxe3 16. Qxe3 a5 17. c4 a4 18. Nd2 f5 19. h4 Nc5 20. a3 b5 21. h5 Rb8 22. cxb5 Rxb5 23. Ka2 Qf6 24. Nc4 Rfb8 25. g4 Rb3 26. Qe2 f4 27. Rc1 Nd3 28. Rc2 Qf7 29. Qe4 Nc5 30. Nxd6 Nxe4 31. Nxf7 Ng3 32. Nxe5 Nxh1 33. d6 Rd8 34. d7 Kf8 35. Rc4 Rb6 36. Rxf4+ Ke7 37. Re4 Ra8 38. Rc4 Kd8 39. Rd4 Ke7 40. Rc4 Kd8 41. Rd4 Rf6 42. g5 Rf8 43. Nc6+ Kc7 44. d8Q+ Raxd8 45. Nxd8 Rxd8 46. Rxa4 Kb7 1/2-1/2

[Event "Pardubice Czech op-A 33rd"]
[Site "Pardubice"]
[Date "2022.07.28"]
[Round "7"]
[White "Bhambure, Shantanu"]
[Black "Haring, Filip"]
[Result "0-1"]
[WhiteElo "2320"]
[BlackElo "2451"]
[PlyCount "150"]
[EventDate "2022.07.22"]
[EventType "swiss"]
[EventRounds "9"]
[EventCountry "CZE"]
[SourceTitle "CBM 209 Extra"]
[Source "ChessBase"]
[SourceDate "2022.09.30"]
[SourceVersion "1"]
[SourceVersionDate "2022.09.30"]
[SourceQuality "1"]

1. d4 Nf6 2. c4 e6 3. Nf3 d5 4. Nc3 a6 5. c5 b6 6. cxb6 c5 7. Bf4 Bd6 8. Bxd6 Qxd6 9. dxc5 Qxc5 10. Qd4 Qxd4 11. Nxd4 e5 12. Nf3 Nbd7 13. e3 Rb8 14. Na4 Ke7 15. Rc1 Kd6 16. Be2 Nxb6 17. Nxb6 Rxb6 18. b3 Bd7 19. 0-0 Bb5 20. Rfe1 Ne4 21. Kf1 Rbb8 22. Rc2 Rhc8 23. Rec1 Rxc2 24. Rxc2 a5 25. Bxb5 Rxb5 26. Ke2 Rb8 27. Ne1 a4 28. bxa4 Nc5 29. a5 e4 30. Kd2 Rb5 31. Kc1 Rxa5 32. Rb2 f5 33. h4 Ke5 34. Rd2 f4 35. Kb2 Rb5+ 36. Kc1 Ra5 37. Kb2 Rb5+ 38. Kc1 g6 39. Rb2 Ra5 40. Rd2 h6 41. Kd1 fxe3 42. fxe3 Ra3 43. Nc2 Rxa2 44. Nb4 Rxd2+ 45. Kxd2 h5 46. Ke2 Ne6 47. g3 Ng7 48. Kf2 Nf5 49. Nc2 d4 50. exd4+ Kd5 51. Kg2 Kc4 52. d5 Kxd5 53. Kf2 Kc4 54. Ne1 Kd4 55. Ng2 e3+ 56. Kf3 Kd3 57. Nf4+ Kd2 58. Ne2 Nh6 59. Nd4 Kd3 60. Nb3 Ng4 61. Nc5+ Kc4 62. Ne6 Kd3 63. Nc5+ Kd2 64. Ne4+ Kd1 65. Nc3+ Kc2 66. Ne4 Kd1 67. Nc3+ Ke1 68. Ne2 Kd2 69. Nf4 Ne5+ 70. Ke4 e2 71. Ng2 Nd3 72. Kd5 e1Q 73. Nxe1 Kxe1 74. Ke6 Kf2 75. Kf6 Kxg3 0-1

[Event "Piestany Slovakia op-A"]
[Site "Piestany"]
[Date "2022.07.11"]
[Round "1"]
[White "Sevcikova, Lucia"]
[Black "Bhambure, Shantanu"]
[Result "0-1"]
[WhiteElo "2036"]
[BlackElo "2320"]
[PlyCount "155"]
[EventDate "2022.07.11"]
[EventType "swiss"]
[EventRounds "9"]
[EventCountry "SVK"]
[SourceTitle "CBM 209 Extra"]
[Source "ChessBase"]
[SourceDate "2022.09.30"]
[SourceVersion "1"]
[SourceVersionDate "2022.09.30"]
[SourceQuality "1"]

1. d4 Nf6 2. c4 e6 3. Nc3 Bb4 4. e3 b6 5. Bd3 Bb7 6. Nf3 0-0 7. 0-0 c5 8. a3 Bxc3 9. bxc3 Ne4 10. Qc2 f5 11. Nd2 Nxd2 12. Bxd2 Nc6 13. f3 Qf6 14. Be1 d6 15. Bg3 e5 16. d5 Na5 17. a4 g5 18. Be1 Ba6 19. Qe2 Rae8 20. Bd2 Qg6 21. e4 f4 22. Rab1 h5 23. Kh1 Kh8 24. Rg1 g4 25. Rbf1 Bc8 26. Qd1 h4 27. h3 gxh3 28. gxh3 Qh5 29. Kh2 Rg8 30. Rg4 Qh7 31. Be1 Bxg4 32. hxg4 h3 33. Rh1 Kg7 34. Kg1 Rh8 35. Rh2 Kf7 36. Bf1 Ke7 37. Qe2 Qh6 38. Qb2 Kd8 39. Qc2 Reg8 40. Qe2 Qg5 41. Qb2 Kc7 42. Qe2 Qg7 43. Kh1 Rh6 44. Qa2 Rg6 45. Qf2 Qh7 46. Qc2 Nb7 47. Be2 Nd8 48. Qb1 Qe7 49. Qc2 Nf7 50. Bd1 Ng5 51. Be2 a6 52. Qa2 Qh7 53. Qb1 Qf7 54. Qd3 Rf6 55. Bd1 Qd7 56. Qe2 Rb8 57. Bh4 Rg6 58. Bxg5 Rxg5 59. Rxh3 Rg7 60. Qa2 Rh7 61. Rxh7 Qxh7+ 62. Kg1 Rh8 63. Qg2 Qh4 64. Kf1 Qh1+ 65. Qg1 Rh2 66. Qxh1 Rxh1+ 67. Ke2 Kd8 68. Kd2 Ke7 69. Be2 Kf6 70. Bd1 Kg5 71. Be2 Kh4 72. Bd1 Kg3 73. Ke2 Rh2+ 74. Kd3 Kf2 75. Kd2 Kf1+ 76. Kc1 Ke1 77. Bc2 Rd2 78. Bb3 0-1

[Event "Arandjelovac ASK-12 GM"]
[Site "Arandjelovac"]
[Date "2022.03.18"]
[Round "7"]
[White "Kovchan, Alexander"]
[Black "Bhambure, Shantanu"]
[Result "1-0"]
[WhiteElo "2558"]
[BlackElo "2324"]
[PlyCount "67"]
[EventDate "2022.03.14"]
[EventType "tourn"]
[EventRounds "11"]
[EventCountry "SRB"]
[EventCategory "5"]
[SourceTitle "CBM 207 Extra"]
[Source "ChessBase"]
[SourceDate "2022.05.31"]
[SourceVersion "1"]
[SourceVersionDate "2022.05.31"]
[SourceQuality "1"]

1. e4 c5 2. Nf3 d6 3. d4 cxd4 4. Nxd4 Nf6 5. Nc3 a6 6. Be2 e5 7. Nb3 Be7 8. 0-0 0-0 9. Bf3 Be6 10. a4 Qc7 11. Re1 Rc8 12. h3 h6 13. Be3 Nbd7 14. a5 Rab8 15. Nd2 Bd8 16. Nf1 b5 17. axb6 Nxb6 18. Bc1 Nc4 19. b3 Na5 20. Bd2 Nc6 21. Be2 Nb4 22. Bxa6 Nxa6 23. Rxa6 Qc5 24. Ne3 Ra8 25. Rxa8 Rxa8 26. Qf3 Ba5 27. Ra1 Rc8 28. Ned1 Bb4 29. Ra4 Bd7 30. Be3 Qxc3 31. Nxc3 Bxc3 32. Rc4 Rxc4 33. bxc4 Be6 34. Bxh6 1-0

[Event "Sitges Sunway op 8th"]
[Site "Sitges"]
[Date "2021.12.16"]
[Round "4"]
[White "Bhambure, Shantanu"]
[Black "Namitbir, Singh Walia"]
[Result "1-0"]
[WhiteElo "2377"]
[BlackElo "2093"]
[PlyCount "47"]
[EventDate "2021.12.13"]
[EventType "swiss"]
[EventRounds "10"]
[EventCountry "ESP"]
[SourceTitle "CBM 205 Extra"]
[Source "ChessBase"]
[SourceDate "2022.01.31"]
[SourceVersion "1"]
[SourceVersionDate "2022.01.31"]
[SourceQuality "1"]

1. d4 Nf6 2. c4 g6 3. Nc3 d5 4. Bf4 Bg7 5. e3 0-0 6. Rc1 c5 7. cxd5 Qa5 8. dxc5 Qxc5 9. Nf3 Rd8 10. e4 Qb4 11. Bc7 Rd7 12. Bxb8 Rxb8 13. Qb3 Qa5 14. Bb5 Rd8 15. 0-0 Bg4 16. Ne5 a6 17. Bd3 Bc8 18. Nc6 bxc6 19. Qxb8 Nd7 20. Qb3 Nc5 21. Qc4 Nxd3 22. Qxd3 cxd5 23. Nxd5 Bb7 24. b4 1-0

[Event "Arandjelovac ASK-2 GM"]
[Site "Arandjelovac"]
[Date "2021.10.25"]
[Round "3"]
[White "Bhambure, Shantanu"]
[Black "Damljanovic, Branko"]
[Result "0-1"]
[WhiteElo "2405"]
[BlackElo "2504"]
[PlyCount "142"]
[EventDate "2021.10.23"]
[EventType "tourn"]
[EventRounds "9"]
[EventCountry "SRB"]
[EventCategory "6"]
[SourceTitle "CBM 205 Extra"]
[Source "ChessBase"]
[SourceDate "2022.01.31"]
[SourceVersion "1"]
[SourceVersionDate "2022.01.31"]
[SourceQuality "1"]

1. d4 Nf6 2. c4 g6 3. Nc3 Bg7 4. e4 d6 5. Nf3 0-0 6. Be2 e5 7. Be3 c6 8. d5 Ng4 9. Bg5 f6 10. Bh4 c5 11. Nd2 Nh6 12. f3 Nf7 13. Qc2 Bh6 14. Bf2 Na6 15. 0-0-0 Bd7 16. g4 Rb8 17. h4 Nc7 18. g5 fxg5 19. h5 Kg7 20. Be3 Ne8 21. Nf1 Nf6 22. Ng3 a6 23. a4 Rh8 24. Rh2 Ng8 25. Rdh1 g4 26. Bxh6+ Ngxh6 27. Kb1 gxf3 28. Bxf3 Ng5 29. Bd1 Qe7 30. Qg2 Rbg8 31. Nf1 Ngf7 32. Ne3 Kf8 33. hxg6 hxg6 34. Rh4 Ke8 35. R1h2 Kd8 36. Be2 Qf6 37. Qg1 Kc7 38. Kc2 Nf5 39. Rxh8 Nd4+ 40. Kd3 Rxh8 41. Rf2 Qe7 42. Bg4 Bxg4 43. Qxg4 Rh5 44. Ne2 Nh6 45. Qg3 Qd7 46. Qxg6 Rh3 47. Rg2 Qxa4 48. Nc3 Qd7 49. Rg3 Rxg3 50. Qxg3 Qf7 51. Qg5 Ng8 52. Nf5 Nf6 53. Nh6 Qf8 54. Qg6 Nd7 55. Nf7 b5 56. Nd1 bxc4+ 57. Kxc4 Ne2 58. Kb3 Nf4 59. Qf5 Qb8+ 60. Kc2 c4 61. Qg5 Qf8 62. Nh6 Nc5 63. Nc3 Nh3 64. Qg6 Qf2+ 65. Kb1 Nd3 66. Na4 Qe1+ 67. Ka2 Nc1+ 68. Ka3 Qe3+ 69. Nc3 Qc5+ 70. Ka4 Nd3 71. Qf7+ Kb6 0-1

[Event "Arandjelovac ASK-1 GM"]
[Site "Arandjelovac"]
[Date "2021.10.21"]
[Round "10"]
[White "Bhambure, Shantanu"]
[Black "Iniyan, Panneerseluam"]
[Result "0-1"]
[WhiteElo "2405"]
[BlackElo "2529"]
[PlyCount "104"]
[EventDate "2021.10.15"]
[EventType "tourn"]
[EventRounds "11"]
[EventCountry "SRB"]
[EventCategory "6"]
[SourceTitle "EXT 2023"]
[Source "ChessBase"]
[SourceDate "2022.10.05"]
[SourceVersion "1"]
[SourceVersionDate "2022.10.05"]
[SourceQuality "1"]

1. d4 Nf6 2. c4 g6 3. Nc3 Bg7 4. e4 d6 5. Nf3 0-0 6. Be2 e5 7. Be3 Nbd7 8. 0-0 Qe7 9. Qc2 c6 10. d5 Ng4 11. Bg5 f6 12. Bd2 f5 13. Ne1 Nh6 14. f3 g5 15. Qc1 f4 16. g4 Rf6 17. Nd3 Nf7 18. b4 c5 19. a3 h5 20. h3 Rh6 21. Kg2 Nh8 22. Rh1 Ng6 23. Qg1 b6 24. Kf2 Kf7 25. Ke1 Nf6 26. Kd1 Bd7 27. Kc2 Rah8 28. Qg2 Nh4 29. Qf2 hxg4 30. hxg4 Nf5 31. Rxh6 Nd4+ 32. Kb2 Rxh6 33. Qg2 Qe8 34. Rh1 Rxh1 35. Qxh1 Qc8 36. b5 Nxe2 37. Nxe2 Bxg4 38. fxg4 Qxg4 39. Nc3 f3 40. Nf2 Qg3 41. Be1 g4 42. Nd3 Qg2+ 43. Qxg2 fxg2 44. Bf2 Nh5 45. Ne1 Nf4 46. Nd1 Bf6 47. Be3 Kg6 48. Kc2 Kh5 49. Kd2 Bg5 50. Nc3 Kh4 51. Ne2 Kh3 52. Nxg2 Kxg2 0-1

[Event "Arandjelovac ASK-1 GM"]
[Site "Arandjelovac"]
[Date "2021.10.20"]
[Round "8"]
[White "Bhambure, Shantanu"]
[Black "Sankalp, Gupta"]
[Result "1/2-1/2"]
[WhiteElo "2405"]
[BlackElo "2446"]
[PlyCount "82"]
[EventDate "2021.10.15"]
[EventType "tourn"]
[EventRounds "11"]
[EventCountry "SRB"]
[EventCategory "6"]
[SourceTitle "EXT 2023"]
[Source "ChessBase"]
[SourceDate "2022.10.05"]
[SourceVersion "1"]
[SourceVersionDate "2022.10.05"]
[SourceQuality "1"]

1. d4 Nf6 2. c4 e6 3. Nf3 d5 4. Nc3 Bb4 5. cxd5 exd5 6. Bg5 h6 7. Bh4 0-0 8. e3 Bf5 9. Be2 Nbd7 10. Qb3 Bxc3+ 11. Qxc3 c6 12. Nd2 Ne4 13. Bxd8 Nxc3 14. bxc3 Rfxd8 15. Nf1 Nf6 16. Ng3 Bh7 17. f3 Ne8 18. Kd2 Nd6 19. a4 Re8 20. Rhe1 Re7 21. h4 Rae8 22. Bf1 g5 23. hxg5 hxg5 24. Nh5 Re6 25. g4 Bg6 26. Ng3 Rf6 27. Ke2 Nc4 28. Kf2 Nd2 29. Bg2 Ne4+ 30. Nxe4 dxe4 31. Kg3 exf3 32. Bxf3 Be4 33. Bxe4 Rxe4 34. a5 b5 35. axb6 axb6 36. Ra6 b5 37. c4 bxc4 38. Ra5 Rfe6 39. Rxg5+ Kf8 40. Kf2 c3 41. Rc5 Rxg4 1/2-1/2

[Event "Arandjelovac ASK-1 GM"]
[Site "Arandjelovac"]
[Date "2021.10.19"]
[Round "6"]
[White "Bhambure, Shantanu"]
[Black "Raahul, VS."]
[Result "1/2-1/2"]
[WhiteElo "2405"]
[BlackElo "2344"]
[PlyCount "44"]
[EventDate "2021.10.15"]
[EventType "tourn"]
[EventRounds "11"]
[EventCountry "SRB"]
[EventCategory "6"]
[SourceTitle "EXT 2023"]
[Source "ChessBase"]
[SourceDate "2022.10.05"]
[SourceVersion "1"]
[SourceVersionDate "2022.10.05"]
[SourceQuality "1"]

1. d4 d5 2. c4 c6 3. Nf3 Nf6 4. Nc3 e6 5. e3 Nbd7 6. Be2 b6 7. 0-0 Bb7 8. b3 Bd6 9. Bb2 0-0 10. Bd3 Qe7 11. Re1 Rac8 12. Rc1 Rfd8 13. e4 dxe4 14. Bxe4 e5 15. d5 Nc5 16. Bb1 Ba6 17. dxc6 h6 18. Nd5 Qe6 19. Qc2 Rxc6 20. Rcd1 Rcc8 21. Bc3 Bb7 22. a4 Bc6 1/2-1/2

[Event "Arandjelovac ASK-1 GM"]
[Site "Arandjelovac"]
[Date "2021.10.16"]
[Round "2"]
[White "Bhambure, Shantanu"]
[Black "Makarian, Rudik"]
[Result "0-1"]
[WhiteElo "2405"]
[BlackElo "2470"]
[PlyCount "84"]
[EventDate "2021.10.15"]
[EventType "tourn"]
[EventRounds "11"]
[EventCountry "SRB"]
[EventCategory "6"]
[SourceTitle "EXT 2023"]
[Source "ChessBase"]
[SourceDate "2022.10.05"]
[SourceVersion "1"]
[SourceVersionDate "2022.10.05"]
[SourceQuality "1"]

1. d4 Nf6 2. c4 e6 3. Nf3 b6 4. a3 Bb7 5. Nc3 d5 6. cxd5 Nxd5 7. Qc2 Nxc3 8. bxc3 Nd7 9. e4 Be7 10. Bd3 c5 11. Bf4 Rc8 12. Qe2 0-0 13. 0-0 Nf6 14. Bd2 Qc7 15. a4 a5 16. Rab1 h6 17. Rb2 Rfe8 18. Rfb1 Nd7 19. g3 Bd6 20. h4 Bc6 21. Ra2 Qb8 22. Kg2 Qa8 23. Qe3 cxd4 24. cxd4 e5 25. dxe5 Bxe5 26. Kh2 Bd6 27. Re1 Bc5 28. Qf4 Nf6 29. Bc3 Bxe4 30. Bxe4 Rxe4 31. Rxe4 Qxe4 32. Bxf6 Qxf4 33. gxf4 gxf6 34. Kg3 Rd8 35. f5 h5 36. Rd2 Rxd2 37. Nxd2 b5 38. axb5 a4 39. Nb1 Bb4 40. b6 a3 41. Nxa3 Bxa3 42. b7 Bd6+ 0-1

[Event "Paracin Summer op 14th"]
[Site "Paracin"]
[Date "2021.07.15"]
[Round "8"]
[White "Bhambure, Shantanu"]
[Black "Budisavljevic, Luka"]
[Result "1/2-1/2"]
[WhiteElo "2391"]
[BlackElo "2509"]
[PlyCount "169"]
[EventDate "2021.07.09"]
[EventType "swiss"]
[EventRounds "9"]
[EventCountry "SRB"]
[SourceTitle "CBM 203 Extra"]
[Source "ChessBase"]
[SourceDate "2021.09.30"]
[SourceVersion "1"]
[SourceVersionDate "2021.09.30"]
[SourceQuality "1"]

1. d4 Nf6 2. c4 e6 3. Nf3 b6 4. a3 Ba6 5. e3 d5 6. Nbd2 Bb7 7. Bd3 Be7 8. b4 0-0 9. Bb2 c5 10. dxc5 bxc5 11. b5 a6 12. a4 Nbd7 13. 0-0 Nb6 14. Qb3 axb5 15. axb5 dxc4 16. Nxc4 Bxf3 17. gxf3 Rxa1 18. Rxa1 Qd5 19. Be2 Rb8 20. Be5 Re8 21. e4 Qb7 22. Na5 Qc8 23. Nc6 Nfd7 24. Bg3 Bf8 25. Ra7 h6 26. Qd1 e5 27. Bf1 Re6 28. Bh3 Rd6 29. Qa1 Qe8 30. Bxd7 Nxd7 31. Qa2 Kh7 32. Ra8 Qe6 33. Qxe6 Rxe6 34. Ra7 Rd6 35. Nxe5 Nxe5 36. Bxe5 Rb6 37. Ra8 Be7 38. Rb8 Rg6+ 39. Kf1 c4 40. b6 Bd6 41. Bxd6 Rxd6 42. Ke2 Rd3 43. Rf8 Rb3 44. Rxf7 Rxb6 45. Rc7 Rb2+ 46. Ke3 Rc2 47. h4 Kg6 48. Rc5 c3 49. h5+ Kf7 50. f4 Rc1 51. Rc7+ Kf8 52. e5 c2 53. Kf3 Rh1 54. Rxc2 Rxh5 55. Rc7 Rh1 56. f5 Ra1 57. Kg4 Ra4+ 58. f4 Re4 59. Kf3 Re1 60. Ra7 Rf1+ 61. Ke4 Rb1 62. Rc7 Rb4+ 63. Kf3 Ra4 64. Rb7 Ra5 65. Kg4 Ra1 66. f6 gxf6 67. e6 Ra5 68. Rf7+ Ke8 69. Rh7 f5+ 70. Kh5 Ra6 71. Rxh6 Ke7 72. Rh7+ Kf6 73. Rh6+ Ke7 74. Rh7+ Kf6 75. e7 Re6 76. Rh6+ Kxe7 77. Rxe6+ Kxe6 78. Kg6 Ke7 79. Kxf5 Kf7 80. Kg5 Kg7 81. f5 Kf7 82. f6 Kf8 83. Kg6 Kg8 84. f7+ Kf8 85. Kf6 1/2-1/2

[Event "Arandjelovac GM 2nd"]
[Site "Arandjelovac"]
[Date "2021.04.14"]
[Round "7"]
[White "Vardan, Nagpal"]
[Black "Bhambure, Shantanu"]
[Result "0-1"]
[WhiteElo "2370"]
[BlackElo "2367"]
[PlyCount "117"]
[EventDate "2021.04.10"]
[EventType "tourn"]
[EventRounds "9"]
[EventCountry "SRB"]
[EventCategory "6"]
[SourceTitle "CBM 201 Extra"]
[Source "ChessBase"]
[SourceDate "2021.05.31"]
[SourceVersion "1"]
[SourceVersionDate "2021.05.31"]
[SourceQuality "1"]

1. d4 Nf6 2. Nf3 e6 3. Bf4 d5 4. e3 Bd6 5. Bg3 0-0 6. Nbd2 c5 7. c3 Qc7 8. dxc5 Qxc5 9. Bd3 Nbd7 10. Qe2 e5 11. e4 dxe4 12. Bxe4 Re8 13. 0-0 Bc7 14. Bc2 e4 15. Nd4 Bxg3 16. fxg3 b6 17. Rf4 Bb7 18. Rf5 Qe7 19. Re1 g6 20. Rf4 e3 21. Nf1 Nd5 22. Rh4 Nc5 23. c4 Nb4 24. a3 Nxc2 25. Nxc2 Rad8 26. Rd4 Rxd4 27. Nxd4 Qe4 28. Nb5 Re6 29. Nc3 Qd4 30. Rd1 Qe5 31. Nd5 Na4 32. Ndxe3 Nxb2 33. Rd8+ Kg7 34. Qd2 Na4 35. Kh1 h5 36. Nd5 Nc5 37. Nf4 Re7 38. Kg1 Ne4 39. Qe3 Nc5 40. Qd2 Ne4 41. Qd4 Qxd4+ 42. Rxd4 Bc6 43. Nd2 Nxd2 44. Rxd2 Re4 45. Rc2 Re3 46. c5 b5 47. Ne2 Be4 48. Rb2 a6 49. Kf2 Rxa3 50. Rd2 Kf8 51. Rd4 Ra4 52. Rd6 Rc4 53. Rxa6 Rxc5 54. Rb6 Bd3 55. Nd4 Bc4 56. Ke3 Ke8 57. Ra6 Re5+ 58. Kd2 Re4 59. Kc3 0-1

[Event "Arandjelovac GM 2nd"]
[Site "Arandjelovac"]
[Date "2021.04.12"]
[Round "4"]
[White "Bhambure, Shantanu"]
[Black "Pikula, Dejan"]
[Result "1-0"]
[WhiteElo "2367"]
[BlackElo "2415"]
[PlyCount "57"]
[EventDate "2021.04.10"]
[EventType "tourn"]
[EventRounds "9"]
[EventCountry "SRB"]
[EventCategory "6"]
[SourceTitle "CBM 201 Extra"]
[Source "ChessBase"]
[SourceDate "2021.05.31"]
[SourceVersion "1"]
[SourceVersionDate "2021.05.31"]
[SourceQuality "1"]

1. d4 Nf6 2. c4 e6 3. Nf3 c5 4. d5 exd5 5. cxd5 d6 6. Nc3 g6 7. h3 Bg7 8. e4 0-0 9. Bd3 a6 10. a4 Nbd7 11. 0-0 Nh5 12. Bg5 Bf6 13. Be3 Ne5 14. Nxe5 Bxe5 15. f4 Bg7 16. Qf3 Re8 17. g4 Nf6 18. Rae1 h5 19. f5 gxf5 20. g5 Nh7 21. Qxh5 Bd4 22. h4 Re5 23. Bxd4 cxd4 24. exf5 Rxe1 25. Rxe1 dxc3 26. f6 Bf5 27. Bxf5 Nxf6 28. Qh6 Qb6+ 29. Kf1 1-0